| 000 | 04513nam a2200205Ia 4500 | ||
|---|---|---|---|
| 003 | OSt | ||
| 005 | 20250617143429.0 | ||
| 008 | 210210b2002 xxu||||| |||| 00| 0 eng d | ||
| 040 | _cAL | ||
| 041 | _aKannada | ||
| 082 | _aK894.8 GAUS | ||
| 100 |
_aGAURISHA KAYKINI _dಗೌರೀಶ ಕಾಯ್ಕಿಣಿ _9215196 |
||
| 245 |
_aSamagra sahitya samputa 10: sankirna _b ಸಮಗ್ರ ಸಾಹಿತ್ಯ ಸಂಪುಟ-10: ಸಂಕೀರ್ಣ |
||
| 260 |
_aAnkola _bShri Raghavendra Prakashana _c2002 |
||
| 300 | _a380 | ||
| 520 | _a‘ಗೌರೀಶ ಕಾಯ್ಕಿಣಿ ಸಮಗ್ರ ಸಾಹಿತ್ಯ ಸಂಪುಟ-10’ ಸಂಕೀರ್ಣ ಈ ಕೃತಿಯನ್ನು ಲೇಖಕ ವಿಷ್ಣು ನಾಯ್ಕ ಅವರು ಸಂಪಾದಿಸಿದ್ದಾರೆ. ಈ ಕೃತಿಯಲ್ಲಿ ಪ್ರಕಾಶಕರ ನುಡಿ, ಪ್ರಸ್ತಾವನೆ ಜೊತೆಗೆ ನಾಲ್ಕು ಭಾಗಗಳಲ್ಲಿ ಸಂಕೀರ್ಣ ಬರಹಗಳು ಸಂಕಲನಗೊಂಡಿವೆ. ಮೊದಲ ಭಾಗದಲ್ಲಿ ಮಿಂಚು ಗೊಂಚಲು ಶೀರ್ಷಿಕೆಯಡಿ ಋತುಗಾನ, ಸೀಮೋಲ್ಲಂಘನ, ವ್ಯಕ್ತಿ, ಋಣಾನುಬಂಧ, ದ್ದಂದ್ವ ಸಮಾಸ, ನಾಟಕದ ನಿಯಮ, ದೃಷ್ಟಿ ಬಿಂದುಗಳು, ಕವಲುದಾರಿ, ಧರ್ಮ ಸಂಕಟ, ನೀತಿ, ಚೆಲುವಿನ ಜೇನು, ಧೀರ, ಆತ್ಮಸಾಕ್ಷಿ, ಶ್ರಮದ ಬೆಲೆ, ಕರ್ಮ ಮತ್ತು ಫಲಾಶೆ, ಯಶಸ್ಸು-ಶ್ರೇಯಸ್ಸು, ಧುಮುಕುವ ಮೊದಲು, ಆಸ್ತಿಕನ್ಯಾರು, ಈಜುಗುಂಬಳ, ಮೂಢನಂಬಿಕೆ, ದೇವತೆಗಳ ಗೆಳೆಯ, ಅಕಬರನ ಉಂಗುರ, ಕ್ಷಣಿಕ, ಪ್ರಪಂಚದ ಪರಮಾಶ್ಚರ್ಯ, ಗೆಳೆತನದ ಗುಟ್ಟು, ಸಂವೇದನೆ, ಹುತಾತ್ಮತೆಯ ಹವ್ಯಾಸ, ಜ್ಯೋತಿ ಮತ್ತು ಜ್ವಾಲೆ, ವೀಣೆಯ ತಂತಿಗಳು, ಪೂರ್ಣತ್ವ, ಅನುಭವದಿಂದ ಪಾಠ, ತೆರೆದ ಮನಸ್ಸು, ದೇವರೇ ಕಾಯಬೇಕು ಯಾವಾಗ, ಸಂಭಾವಿತತನದ ತಂತ್ರ, ಮರ್ಯಾದೆ ಮತ್ತು ಅಹಂಕಾರ, ಜನಮರುಳೋ, ಕೃಪೆ, ಕೃತಘ್ನತೆ, ಋಣಭಾರ, ಔದಾರ್ಯದ ಉರುಳು, ಯೇಸು ಸಿಲುಬೆಗೇರಿದ್ದು ಹೇಗೆ, ಯೇಸುವಿನ ಯಾಚನೆ, ಹೆಂಡತಿಯ ಪ್ರೀತಿ, ಹೃದಯವಂತಿಕೆ, ಜಾಗ ತಪ್ಪಿದ ವಸ್ತು, ಮಿಶ್ರಲೋಹದ ನಾಣ್ಯ, ಒಳಿತಿವ ಹಗೆ, ಪಾಪದ ಮೀಮಾಂಸೆ, ಪಾಪದ ಜಾರುಗುಂಡಿ, ಸತ್ಯ-ಅಹಿಂಸೆ, ಸತ್ಯಂವದ, ಸೇವಾಧರ್ಮ, ಪ್ರೌಢ ವಿವಾಹ, ದಾಂಪತ್ಯ ಯೋಗ, ಬ್ರಾಹ್ಮಣೀಕರಣ, ಮಣಿಯ ಮೈಲಿಗೆ, ವರ್ಣ ಮತ್ತು ಜಾತಿ, ನರ ಓರ್ವನೆ ಕೊಂದನಲ್ಲನೇ, ದ್ಯಾಮವ್ವನ ಜಾತ್ರೆ, ಪಕ್ಷಾಂತರ/ಪಕ್ಷದ್ರೋಹ, ನಿಮ್ಮ ಮತ ಯಾರಿಗೆ, ಪಂಚಮದಲ, ಖಡ್ಗ ಮೃಗಾಧ್ವಾನ, ಮಯ್ಕೊವಸ್ಕಿಯ ಪ್ರತಿಮೆಯ ಬುಡದಲ್ಲಿ, ಶಿಕ್ಷಣಕ್ಕೆ ಮೂಲವ್ಯಾಧಿ, ಗುರುವಿನ ಗುಲಾಮರು, ಸಿದ್ಧಾರ್ಥ ಬುದ್ಧ ಲೇಖನಗಳು ಸಂಕಲನಗೊಂಡಿವೆ. ಹಾಗೇ ಜಿಜ್ಞಾಸೆ ಎಂಬ ಶೀರ್ಷಿಕೆಯಡಿಯಲ್ಲಿ ವಾಲ್ಮೀಕಿ ಯಾರು, ಆದಿಕವಿ ಏಕೆ ಹೇಗೆ, ವಾಲ್ಮೀಕಿಯ ಕರುಣಾಯನ, ವಾಲ್ಮೀಕಿ ತೂಕಡಿಸಿದಾಗ-1, ವಾಲ್ಮೀಕಿ ತೂಕಡಿಸಿದಾಗ-2, ದಶರಥನ ಹೆಂಡಂದಿರು, ಅಹಲ್ಯೋದ್ಧಾರ, ಶೂರ್ಪಣಖೀ ಪ್ರಸಂಗ, ಪಂಪಾತೀರದ ಪುಷ್ಪಗಳು, ಕೃಷ್ಣ ಪ್ರಶ್ನೆ, ಕಾಳಿದಾಸ ಮತ್ತು ಮಹಾಭಾರತ ಸೇರಿದಂತೆ 160 ಲೇಖನಗಳು ಸಂಕಲನಗೊಂಡಿವೆ. | ||
| 690 |
_aKannada Miscellaneous _9215197 |
||
| 906 | _a058996 | ||
| 942 |
_2ddc _cBK |
||
| 999 |
_c106115 _d106115 |
||